000 00671nam a22002057a 4500
005 20230314153126.0
040 _curs
050 _aBF 121 I58 2011
100 _94191
_aAguirre, Felisa U.
_eauthor
245 _aIntroduction to psychology
_cFelisa U. Aguirre, Maria Rosario E. Monce, Gary C. Dy
250 _a2011 edition
260 _aPlace of publication not indicated
_bName of publisher not indicated
_c2011
336 _2rdacontent
_atext
_btxt
337 _2rdamedia
_aunmediated
_bn
338 _2rdacarrier
_avolume
_bnc
650 0 _93069
_aPsychology
700 _94192
_aMonce, Maria Rosario E.
_eauthor
700 _94193
_aDy, Gary C.
_eauthor
942 _2lcc
_cF
999 _c68657
_d68657